MARC

LEADER 00000nam0a2200000 4500
001 286978
005 20231101235938.0
020 |a RU  |b 85-33744 
035 |a (RuTPU)RU\TPU\book\311344 
090 |a 286978 
100 |a 20150311d1985 k y0rusy5003 ca 
101 0 |a rus 
102 |a RU 
105 |a a z 001zy 
200 1 |a Неклассические структуры органических соединений  |f В. И. Минкин, Р. М. Миняев  |g Северо-Кавказский научный центр высшей школы (СКНЦ ВШ) 
210 |a Ростов-на-Дону  |c Изд-во Рост. ун-та  |d 1985 
215 |a 164 с.  |c ил. 
320 |a Библиогр.: с. 152-161 
606 1 |a Органические соединения  |x Структура  |2 stltpush  |3 (RuTPU)RU\TPU\subj\75472  |9 87236 
610 1 |a молекулярная структура 
610 1 |a молекулярные орбитали 
610 1 |a сэндвичные структуры 
610 1 |a химическая связь 
675 |a 547:544.13  |v 4 
700 1 |a Минкин  |b В. И.  |g Владимир Исаакович  |4 070 
701 1 |a Миняев  |b Р. М.  |g Руслан Михайлович  |4 070 
712 0 2 |a Северо-Кавказский научный центр высшей школы (СКНЦ ВШ)  |c (Ростов-на-Дону)  |2 stltpush  |3 (RuTPU)RU\TPU\col\4383 
801 0 |a RU  |b RuMRKP  |c 19950704  |g psbo 
801 1 |a RU  |b 63413507  |c 20150311 
801 2 |a RU  |b 63413507  |c 20170630  |g RCR 
942 |c BK